| 000 | 00624nam a2200193Ia 4500 | ||
|---|---|---|---|
| 999 |
_c137 _d137 |
||
| 020 | _a0-520-02004-2 | ||
| 082 | _a307.1416 VAT-; | ||
| 100 | _aVatuk, Sylvia | ||
| 245 | 0 | _aKinship and urbanization: White collar migrants in North India | |
| 260 |
_aLondon _bUniversity of California Press _c1972 |
||
| 300 | _a219p. | ||
| 504 | _aIncludes index | ||
| 650 | _aUrbanization - Meerut (Uttar Pradesh) | ||
| 650 | _aMarriage - Meerut (Uttar Pradesh) | ||
| 650 | _aFamily - Meerut (Uttar Pradesh) | ||
| 650 | _aSociology, Urban - Meerut (Uttar Pradesh) | ||
| 650 | _aSocial structure - Meerut (Uttar Pradesh) | ||
| 942 | _cBK | ||